000 01042nam a2200265 a 4500
001 000024714
005 20200930023327.0
008 110202s1984 mx a r 001 0 spa d
020 _a9681617444
040 _aDO-SdBNP
_bspa
_cBNPHU
082 _axxxxx
_bS341c
100 1 _aSchleifer, James T.
_950702
245 1 0 _aCómo nació la democracia en América de Tocqueville /
_cJames T. Schleifer ; traducción Rodrigo Ruza ; prólogo G. W. Pierson.
260 _aMéxico, D. F. :
_bFondo de Cultura Económica,
_c1984.
300 _a426 p. :
_bil. ;
_c21 cm.
490 1 _aObras de política y derecho
500 _aIncluye índice analítico.
500 _aIncluye bibliografía p. [387-400].
500 _aIncluye notas al pie de las páginas.
534 _pTítulo original :
_tThe making of Tocqueville´s "Democracy in America"
_cThe University of north Carolina Press, 1980
700 1 _aRuza, Rodrigo,
_etr.
_950703
700 1 _aPierson, G. W.,
_epról.
_950704
830 0 _aObras de política y derecho
_945974
049 _aBNGR
999 _c24207
_d24207